000 00726nam a2200241 4500
001 59367
003 BD-RjUL
005 20211209080724.0
008 161224s1996 ii ||||| |||| 00| 0 eng d
020 _a9780706997453
035 _a(BD-RjUL)59491
040 _beng
_cBD-RjUL
041 _aeng
082 _223
_a610.710
_bRAH 1996
100 _aRamachandran L ; Dharmalingam, T
_9176582
245 _aHealth education :
_ba new approach/
_cL. Ramachandran and T. Dharmalingam.
260 _aNew Delhi : Vikas ; New York, N.Y. :
_bAdvent Books,
_c1993.
300 _ax, 278 p.
_bFig.;
_c21cm.
500 _aIncludes index
650 _aHealth Education.
_9176583
700 _aDharmalingam, T
_9176584
942 _2ddc
_cBK
999 _c59367
_d59367